Digital Logic Design and Computer Organization : (Record no. 22838)

MARC details
000 -LEADER
fixed length control field 00743nam a22002175a 4500
008 - FIXED-LENGTH DATA ELEMENTS--GENERAL INFORMATION
fixed length control field 161025b xxu||||| |||| 00| 0 eng d
020 ## - INTERNATIONAL STANDARD BOOK NUMBER
International Standard Book Number 9789339222307
040 ## - CATALOGING SOURCE
Original cataloging agency EG-ScBUE
Language of cataloging ENG
Transcribing agency EG-ScBUE
082 04 - DEWEY DECIMAL CLASSIFICATION NUMBER
Edition number 22
Classification number 621.395
Item number FAR
100 1# - MAIN ENTRY--PERSONAL NAME
Personal name Faroughi, Nikrouz.
9 (RLIN) 38209
245 10 - TITLE STATEMENT
Title Digital Logic Design and Computer Organization :
Remainder of title with computer architecture for security /
Statement of responsibility, etc Nikrouz faroughi.
250 ## - EDITION STATEMENT
Edition statement 1st ed
260 ## - PUBLICATION, DISTRIBUTION, ETC. (IMPRINT)
Place of publication, distribution, etc New Delhi :
Name of publisher, distributor, etc McGraw Hill Education (India) Private Limited ;
Date of publication, distribution, etc c. 2015.
300 ## - PHYSICAL DESCRIPTION
Extent xv, 552 p. :
Other physical details ill. ;
Dimensions 24 cm.
504 ## - BIBLIOGRAPHY, ETC. NOTE
Bibliography, etc Includes bibliographical references.
590 ## - LOCAL NOTE (RLIN)
Local note shima
650 #7 - SUBJECT ADDED ENTRY--TOPICAL TERM
Source of heading or term BUEsh
Topical term or geographic name as entry element Logic design
651 ## - SUBJECT ADDED ENTRY--GEOGRAPHIC NAME
Source of heading or term BUEsh
Geographic name Data processing.
653 ## - INDEX TERM--UNCONTROLLED
Resource For college Informatics and Computer Science
Arrived date list October2016
942 ## - ADDED ENTRY ELEMENTS (KOHA)
Source of classification or shelving scheme Dewey Decimal Classification
Holdings
Withdrawn status Item status Source of classification or shelving scheme Damaged status Not for loan Vendor Home library Current library Shelving location Date acquired Source of acquisition Cost, normal purchase price Serial Enumeration / chronology Total Checkouts Full call number Barcode Date last seen Cost, replacement price Koha item type
    Dewey Decimal Classification     Academic Bookshop Central Library Central Library First floor 25/10/2016 Purchase 165.00 9128   621.395 FAR 000034461 15/07/2025 206.00 Book - Borrowing